000 00607nam a2200217Ia 4500
003 OSt
005 20220107122740.0
008 130318s9999 xx 000 0 und d
020 _a9788125939467
040 _cIIITM-K
082 _a005.1 KHU/S
100 _aKhurana, Rohit
_94449
245 _aSoftware engineering:
_bPrinciples and practices
_cby Rohit Khurana
250 _a2nd ed.
260 _bVikas Publishing House,
_aNoida,
_c2010.
300 _axviii, 534p.
650 _aCOMPUTER SCIENCE
_94450
650 _aSOFTWARE DEVELOPMENT
_94451
650 _aSOFTWARE TESTING
_94452
942 _2ddc
_cBK
999 _c3936
_d3936